[Event "PRO League Group Stage"]
[Site "chess.com INT"]
[Date "2020.02.10"]
[Round "6"]
[White "Naroditsky, Daniel"]
[Black "Moranda, Wojciech"]
[Result "1/2-1/2"]
[WhiteTitle "GM"]
[BlackTitle "GM"]
[WhiteElo "2621"]
[BlackElo "2601"]
[WhiteTeam "California Unicorns"]
[BlackTeam "New York Marshalls"]
[WhiteFideId "2026961"]
[BlackFideId "1122401"]
[EventDate "2020.01.06"]

1. d4 Nf6 2. Nc3 d5 3. Bf4 a6 4. e3 Bf5 5. Bd3 Bg6 6. Nf3 e6 7. Ne5 c5 8. dxc5
Bxc5 9. O-O Nc6 10. Nxc6 bxc6 11. Qf3 O-O 12. Bg5 Be7 13. Bxg6 hxg6 14. e4 Rb8
15. b3 Bd6 16. Rad1 Qc7 17. Bxf6 gxf6 18. h3 Be5 19. Na4 Qa5 20. Rfe1 Rfd8 21.
g3 Kg7 22. Kg2 Rb4 23. exd5 cxd5 24. Re2 Rc8 25. h4 Rh8 26. Re3 Rh5 27. Qe2 Bb8
28. a3 Rb7 29. c4 dxc4 30. Qxc4 Rc7 31. Qe2 Ba7 32. Rf3 Re5 33. Qb2 Qb5 34. Nc3
Qb7 35. Rd3 Rf5 36. Ne2 e5 37. g4 Rxf3 38. Rxf3 Qe4 39. Qd2 Rc2 40. Qd6 Qxg4+
41. Ng3 Qe6 42. Nh5+ gxh5 43. Rg3+ Qg4 44. Rxg4+ hxg4 45. Kg3 Rxf2 46. h5 Bd4
47. h6+ Kxh6 48. Qf8+ Kg6 49. Qg8+ Kh6 50. Qh8+ Kg6 51. Qg8+ Kh6 52. Qh8+ 1/2-1/2

[Event "PRO League Group Stage"]
[Site "chess.com INT"]
[Date "2020.02.12"]
[Round "6"]
[White "Zhao, Jun"]
[Black "Yilmaz, Mustafa"]
[Result "0-1"]
[WhiteTitle "GM"]
[BlackTitle "GM"]
[WhiteElo "2638"]
[BlackElo "2607"]
[WhiteTeam "China Pandas"]
[BlackTeam "Turkey Knights"]
[WhiteFideId "8602522"]
[BlackFideId "6302718"]
[EventDate "2020.01.06"]

1. d4 d5 2. c4 e6 3. Nc3 Nf6 4. cxd5 exd5 5. Bg5 c6 6. e3 Be7 7. Bd3 Nbd7 8. h3
g6 9. Nf3 Nh5 10. Bh6 Ndf6 11. Qc2 Ng8 12. Bf4 Nxf4 13. exf4 Qd6 14. g3 Nh6 15.
O-O-O Be6 16. Kb1 O-O-O 17. Na4 Kb8 18. Nc5 Bc8 19. Rc1 Rhe8 20. Qb3 f6 21. Rc3
Bf8 22. Rhc1 Ka8 23. Qa4 Nf5 24. b4 b5 25. Qc2 Qb8 26. Nb3 Bxb4 27. Rxc6 Nd6 28.
Nc5 Nc4 29. Qb3 Na5 30. Qxb4 Nxc6 31. Qxb5 Bf5 32. Ka1 Qxb5 33. Bxb5 Rc8 34. g4
Be6 35. g5 fxg5 36. fxg5 Bf5 37. Ne5 Nxd4 38. Bxe8 Rxe8 39. f4 Ne2 40. Rf1 Nxf4
41. Rxf4 Rxe5 42. Kb2 Kb8 43. Kc3 Re2 44. Kd4 Rd2+ 45. Ke5 Kc7 46. Ra4 Kb6 47.
Kd6 Kb5 48. Rxa7 d4 49. Rb7+ Kc4 50. a4 d3 51. a5 Ra2 52. Nb3 Kc3 53. Ke5 Ra3
54. a6 Rxa6 55. Nc5 Ra5 56. Kd6 d2 57. Rb3+ Kc2 0-1

[Event "PRO League Group Stage"]
[Site "chess.com INT"]
[Date "2020.02.12"]
[Round "6"]
[White "Li, Chao b"]
[Black "Can, Emre"]
[Result "1/2-1/2"]
[WhiteTitle "GM"]
[BlackTitle "GM"]
[WhiteElo "2683"]
[BlackElo "2600"]
[WhiteTeam "China Pandas"]
[BlackTeam "Turkey Knights"]
[WhiteFideId "8604436"]
[BlackFideId "6302181"]
[EventDate "2020.01.06"]

1. e4 c5 2. Ne2 Nf6 3. Nbc3 d6 4. g3 Nc6 5. Bg2 g6 6. d4 cxd4 7. Nxd4 Nxd4 8.
Qxd4 Bg7 9. Bg5 h6 10. Be3 O-O 11. Qd2 Ng4 12. Bd4 Ne5 13. b3 Qa5 14. Nd5 Qxd2+
15. Kxd2 Nc6 16. Bxg7 Kxg7 17. c4 Be6 18. Rhc1 Rfc8 19. Ke3 h5 20. h4 Kf8 21. f4
Bxd5 22. exd5 Nb8 23. f5 Nd7 24. fxg6 fxg6 25. Bh3 Rc7 26. Bxd7 Rxd7 27. Rf1+
Kg7 28. Kd4 b6 29. Rae1 Rf8 30. Rxf8 Kxf8 31. Rf1+ Kg7 32. b4 Rc7 33. a4 Rc8 34.
Re1 Kf6 35. Re3 Rc7 36. Rf3+ Kg7 37. Ra3 Rb7 38. Rf3 Rc7 39. b5 a5 40. bxa6 Ra7
41. Kc3 Rxa6 42. Kb4 Ra5 43. Rf4 Rc5 44. g4 hxg4 45. Rxg4 Kf6 46. Rf4+ Kg7 47.
Ka3 Rc8 48. Kb3 Rc7 49. Rf1 Ra7 50. Kb4 Ra5 51. Rf2 Ra8 52. Rf1 Ra7 53. Re1 Kf6
54. Re6+ Kf7 55. h5 gxh5 56. Rh6 Ke8 57. Rxh5 Kd7 58. Rh8 Ra5 59. Rg8 1/2-1/2

[Event "PRO League Group Stage"]
[Site "chess.com INT"]
[Date "2020.02.12"]
[Round "6"]
[White "Dastan, Muhammed Batuhan"]
[Black "Yu, Yangyi"]
[Result "1/2-1/2"]
[WhiteTitle "GM"]
[BlackTitle "GM"]
[WhiteElo "2572"]
[BlackElo "2726"]
[WhiteTeam "Turkey Knights"]
[BlackTeam "China Pandas"]
[WhiteFideId "6300014"]
[BlackFideId "8603820"]
[EventDate "2020.01.06"]

1. d4 d5 2. Bf4 Nf6 3. e3 g6 4. Nf3 Bg7 5. Be2 O-O 6. O-O c5 7. c3 b6 8. h3 Bb7
9. Nbd2 Nc6 10. Qb3 Qc8 11. Qa3 Nd7 12. b4 c4 13. b5 Nd8 14. Qxe7 Ne6 15. Bh2
Re8 16. Qb4 a5 17. bxa6 Rxa6 18. a4 Bc6 19. Bd6 Qa8 20. Bd1 b5 21. a5 Nd8 22.
Bc2 Nb7 23. Ra2 Nxd6 24. Qxd6 Bf8 25. Qc7 Qb8 26. Qxb8 Rxb8 27. e4 b4 28. cxb4
Bxb4 29. exd5 Bxd5 30. Be4 Bxe4 31. Nxe4 Rxa5 32. Rxa5 Bxa5 33. Rc1 Rb4 34. g3
Kg7 35. Kg2 Ra4 36. Nc5 Nxc5 37. dxc5 c3 38. Ne5 Bc7 39. Nd3 Rc4 40. Kf3 Kf6 41.
Ke2 Ke6 42. Kd1 Ba5 43. Kc2 Ra4 44. Kb3 Rd4 45. Kc2 Ra4 46. Kb3 Rd4 47. Kc2 Ra4 1/2-1/2

[Event "PRO League Group Stage"]
[Site "chess.com INT"]
[Date "2020.02.12"]
[Round "6"]
[White "Kozak, Adam"]
[Black "Eljanov, Pavel"]
[Result "1-0"]
[WhiteTitle "IM"]
[BlackTitle "GM"]
[WhiteElo "2523"]
[BlackElo "2650"]
[WhiteTeam "Hungary Hunters"]
[BlackTeam "Israel Counsellors"]
[WhiteFideId "753246"]
[BlackFideId "14102951"]
[EventDate "2020.01.06"]

1. Nf3 d5 2. g3 Bg4 3. Bg2 c6 4. O-O e6 5. h3 Bh5 6. d4 Nd7 7. c4 Be7 8. Nc3
dxc4 9. b3 cxb3 10. Qxb3 Qb6 11. Qa4 Qd8 12. Rd1 Bxf3 13. Bxf3 Ngf6 14. Rb1 Nb6
15. Qb3 Rb8 16. e4 O-O 17. Bf4 Rc8 18. a4 h6 19. Kg2 g5 20. Be3 Rb8 21. d5 exd5
22. exd5 Nbxd5 23. Nxd5 Nxd5 24. Bxa7 Ra8 25. Qxb7 Qa5 26. Rxd5 Qxa7 27. Qxc6
Qxa4 28. Qxh6 Ra6 29. Qh5 Qc2 30. Re1 Bf6 31. Be4 1-0

[Event "PRO League Group Stage"]
[Site "chess.com INT"]
[Date "2020.02.12"]
[Round "6"]
[White "Mihok, Oliver"]
[Black "Rodshtein, Maxim"]
[Result "0-1"]
[WhiteTitle "GM"]
[BlackTitle "GM"]
[WhiteElo "2562"]
[BlackElo "2628"]
[WhiteTeam "Hungary Hunters"]
[BlackTeam "Israel Counsellors"]
[WhiteFideId "728012"]
[BlackFideId "2806851"]
[EventDate "2020.01.06"]

1. e4 e5 2. Nf3 Nc6 3. Bb5 Nf6 4. O-O Nxe4 5. Re1 Nd6 6. Nxe5 Be7 7. Bf1 O-O 8.
d4 Nf5 9. Nf3 d5 10. c3 Bd6 11. Bd3 Re8 12. Rxe8+ Qxe8 13. Qc2 g6 14. Nbd2 Bd7
15. Nf1 f6 16. Bd2 Qf7 17. Ng3 Nce7 18. Re1 c6 19. Ne2 Re8 20. Bf4 Bxf4 21. Nxf4
Nd6 22. h3 g5 23. Ne2 Nef5 24. g4 Ne7 25. Ng3 Ng6 26. Nh5 Rxe1+ 27. Nxe1 Kf8 28.
Nf3 Be8 29. Qe2 Qe7 30. Qxe7+ Kxe7 31. Ne1 Bd7 32. Ng2 f5 33. f3 Kf7 34. Ng3 f4
35. Ne2 h6 36. Kf2 Kf6 37. h4 Ne7 38. Nc1 a5 39. Nb3 b6 40. Nd2 Be8 41. h5 Ke6
42. Ne1 Ng8 43. Nc2 Nf6 44. b4 a4 45. a3 Ke7 46. Ne1 Bd7 47. Be2 b5 48. Kg2 Nc4
49. Bxc4 dxc4 50. Kf2 Nd5 51. Ne4 Ne3 52. Ke2 Be6 53. Kd2 Nxg4 54. fxg4 Bxg4 55.
Nf2 Bxh5 56. Ng2 Ke6 57. Ke1 Bf3 58. Kf1 Kf5 59. Ne1 Bd5 60. Ke2 g4 61. Kf1 h5
62. Ng2 Kg5 63. Ne1 h4 64. Kg1 g3 65. Nd1 h3 0-1

[Event "PRO League Group Stage"]
[Site "chess.com INT"]
[Date "2020.02.12"]
[Round "6"]
[White "Fridman, Daniel"]
[Black "Predojevic, Borki"]
[Result "0-1"]
[WhiteTitle "GM"]
[BlackTitle "GM"]
[WhiteElo "2622"]
[BlackElo "2609"]
[WhiteTeam "Israel Counsellors"]
[BlackTeam "Hungary Hunters"]
[WhiteFideId "11600454"]
[BlackFideId "930849"]
[EventDate "2020.01.06"]

1. d4 Nf6 2. Nf3 e6 3. c4 b6 4. g3 Bb7 5. Bg2 Be7 6. O-O O-O 7. Re1 Qc8 8. a3 c5
9. dxc5 Qxc5 10. b3 Qc7 11. Nc3 a6 12. Bf4 d6 13. Rc1 Nbd7 14. e4 Rfd8 15. Qe2
Nc5 16. Nd2 Rac8 17. Be3 Qb8 18. b4 Ncd7 19. f4 Bf8 20. g4 g6 21. g5 Ne8 22. h4
Bg7 23. f5 exf5 24. exf5 Bxc3 25. Rxc3 Ng7 26. fxg6 hxg6 27. Bf4 Re8 28. Re3
Rxe3 29. Qxe3 Re8 30. Qf2 Bxg2 31. Kxg2 Rxe1 32. Qxe1 Nf5 33. h5 gxh5 34. Qe4
Nh4+ 35. Kf2 Ng6 36. Bh2 Nde5 37. Bxe5 Nxe5 38. Qd5 Qc8 39. Qxd6 Nxc4 40. Nxc4
Qxc4 41. Qxb6 Qa2+ 42. Kg1 Qxa3 43. Qc5 Qg3+ 44. Kh1 Qh3+ 45. Kg1 h4 46. Qd6
Qg4+ 47. Kh2 Qxg5 48. Qxa6 Qg3+ 49. Kh1 Qe1+ 50. Kh2 Qg3+ 51. Kh1 Qe1+ 52. Kh2
Qxb4 53. Kh3 Qf4 54. Qc8+ Kg7 55. Kg2 Qg3+ 56. Kh1 Qf3+ 57. Kh2 h3 58. Qxh3
Qxh3+ 59. Kxh3 Kf6 60. Kg4 Ke5 61. Kg3 Ke4 62. Kf2 Kf4 63. Kf1 Kf3 64. Kg1 f5
65. Kf1 f4 0-1

[Event "PRO League Group Stage"]
[Site "chess.com INT"]
[Date "2020.02.12"]
[Round "6"]
[White "Postny, Evgeny"]
[Black "Banusz, Tamas"]
[Result "1-0"]
[WhiteTitle "GM"]
[BlackTitle "GM"]
[WhiteElo "2608"]
[BlackElo "2620"]
[WhiteTeam "Israel Counsellors"]
[BlackTeam "Hungary Hunters"]
[WhiteFideId "2804344"]
[BlackFideId "722413"]
[EventDate "2020.01.06"]

1. d4 d5 2. c4 c6 3. Nf3 Nf6 4. e3 Bf5 5. Nc3 e6 6. Nh4 Bg6 7. Nxg6 hxg6 8. g3
Nbd7 9. Bg2 dxc4 10. Qe2 Nb6 11. O-O Qc7 12. e4 e5 13. Be3 exd4 14. Bxd4 O-O-O
15. Rfd1 Rxd4 16. Rxd4 Bc5 17. Rd2 Qe5 18. Qf3 g5 19. Qf5+ Qxf5 20. exf5 Re8 21.
h3 Kc7 22. Rad1 a5 23. Kf1 Bb4 24. Re2 Rxe2 25. Kxe2 Bxc3 26. bxc3 Na4 27. Kd2
b5 28. Kc2 Nc5 29. Bf1 Nce4 30. Re1 Kd6 31. Re2 b4 32. cxb4 axb4 33. g4 Kc5 34.
Bg2 Nc3 35. Re7 Nxa2 36. Rxf7 b3+ 37. Kb2 Nb4 38. Rxg7 Kd4 39. Bf1 Nfd5 40. Rd7
Kc5 41. h4 Nb6 42. Ra7 Kd4 43. f6 c3+ 44. Kxb3 c2 45. Kb2 1-0

[Event "PRO League Group Stage"]
[Site "chess.com INT"]
[Date "2020.02.12"]
[Round "6"]
[White "Martirosyan, Haik M."]
[Black "Saric, Ante"]
[Result "1-0"]
[WhiteTitle "GM"]
[BlackTitle "GM"]
[WhiteElo "2613"]
[BlackElo "2559"]
[WhiteTeam "Armenia Eagles"]
[BlackTeam "Croatia Bulldogs"]
[WhiteFideId "13306553"]
[BlackFideId "14506254"]
[EventDate "2020.01.06"]

1. d4 d5 2. Nf3 Nf6 3. c4 c6 4. Nc3 e6 5. Bg5 Be7 6. e3 h6 7. Bxf6 Bxf6 8. Qc2
O-O 9. h4 Nd7 10. g4 g6 11. O-O-O Bg7 12. Kb1 Qe7 13. g5 h5 14. e4 dxc4 15. e5
b5 16. Ne4 c5 17. Nf6+ Kh8 18. Bh3 Bb7 19. d5 exd5 20. Nxd7 Rfd8 21. e6 d4 22.
Nfe5 d3 23. Qd2 Rxd7 24. Nxd7 fxe6 25. Nf6 Bxh1 26. Rxh1 Bxf6 27. gxf6 Qxf6 28.
Qh6+ Kg8 29. Rg1 Kf7 30. Bg2 Rh8 31. Qe3 Qd4 32. Qf3+ Kg7 33. Qb7+ Kh6 34. Qe7
d2 35. Bf3 Qd3+ 36. Ka1 Rd8 37. Bd1 c3 38. Qxc5 cxb2+ 39. Kxb2 Rd5 40. Qf8+ Kh7
41. Bc2 Qd4+ 42. Kb1 Qb4+ 43. Qxb4 1-0

[Event "PRO League Group Stage"]
[Site "chess.com INT"]
[Date "2020.02.12"]
[Round "6"]
[White "Le, Tuan Minh"]
[Black "Andriasian, Zaven"]
[Result "1/2-1/2"]
[WhiteTitle "IM"]
[BlackTitle "GM"]
[WhiteElo "2501"]
[BlackElo "2611"]
[WhiteTeam "Croatia Bulldogs"]
[BlackTeam "Armenia Eagles"]
[WhiteFideId "12401153"]
[BlackFideId "13302000"]
[EventDate "2020.01.06"]

1. d4 Nf6 2. Nf3 d5 3. Bf4 Bf5 4. c4 e6 5. Nc3 Nc6 6. e3 Bd6 7. Bg5 Be7 8. Be2
dxc4 9. Bxc4 h6 10. Bh4 O-O 11. O-O Ne4 12. Bxe7 Qxe7 13. Bd3 Nxc3 14. bxc3 Bg4
15. h3 Bh5 16. Rb1 Rab8 17. Rb5 f5 18. Qb3 Bxf3 19. gxf3 Kh7 20. Qc2 Kh8 21.
Rfb1 b6 22. Kh2 Rbd8 23. Rg1 Qd6+ 24. Kh1 Ne7 25. f4 Nd5 26. Rg2 c5 27. Bc4 Rc8
28. Qd3 Nf6 29. Rb1 cxd4 30. cxd4 Rc7 31. Rbg1 Qc6 32. Bb3 Qf3 33. Kh2 Ne4 34.
Rf1 Rc3 35. Qd1 Qxd1 36. Rxd1 Rc6 37. d5 exd5 38. Rxd5 Rc7 39. f3 Nc5 40. Bc2
Re7 41. Re2 g6 42. Kg3 Rfe8 43. Kf2 Kg7 44. h4 h5 45. Rd6 Re6 46. Rxe6 Rxe6 47.
e4 Kf6 48. Ke3 Re7 49. Rd2 Rd7 50. Rg2 Re7 51. Rd2 Rd7 52. Rg2 Re7 53. Rd2 1/2-1/2

[Event "PRO League Group Stage"]
[Site "chess.com INT"]
[Date "2020.02.12"]
[Round "6"]
[White "Livaic, Leon"]
[Black "Maghsoodloo, Parham"]
[Result "0-1"]
[WhiteTitle "IM"]
[BlackTitle "GM"]
[WhiteElo "2495"]
[BlackElo "2674"]
[WhiteTeam "Croatia Bulldogs"]
[BlackTeam "Armenia Eagles"]
[WhiteFideId "14531534"]
[BlackFideId "12539929"]
[EventDate "2020.01.06"]

1. d4 Nf6 2. c4 e6 3. Nf3 d5 4. Nc3 Bb4 5. Bg5 dxc4 6. e4 h6 7. Bxf6 Qxf6 8.
Bxc4 c5 9. O-O cxd4 10. Nb5 Qe7 11. Qxd4 O-O 12. Nxa7 Bc5 13. Nxc8 Rxc8 14. Qd3
Nc6 15. Qe2 Rd8 16. Rfd1 g5 17. h3 Qf6 18. Rac1 Rxd1+ 19. Rxd1 h5 20. Kh1 g4 21.
hxg4 hxg4 22. Nh2 Ne5 23. Rf1 Kg7 24. g3 Rh8 25. Kg2 Rxh2+ 26. Kxh2 Qh6+ 0-1

[Event "PRO League Group Stage"]
[Site "chess.com INT"]
[Date "2020.02.12"]
[Round "6"]
[White "Sargsyan, Shant"]
[Black "Plat, Vojtech"]
[Result "1-0"]
[WhiteTitle "GM"]
[BlackTitle "GM"]
[WhiteElo "2601"]
[BlackElo "2589"]
[WhiteTeam "Armenia Eagles"]
[BlackTeam "Croatia Bulldogs"]
[WhiteFideId "13306766"]
[BlackFideId "325740"]
[EventDate "2020.01.06"]

1. Nf3 c5 2. c4 Nc6 3. d4 cxd4 4. Nxd4 g6 5. e4 Bg7 6. Be3 Qb6 7. Nb3 Qc7 8. Qd2
d6 9. Nc3 f5 10. Be2 Nf6 11. exf5 Bxf5 12. O-O O-O 13. Nd4 Nxd4 14. Bxd4 a6 15.
Rac1 Rac8 16. Bf3 Kh8 17. b3 Qd7 18. Rfe1 b5 19. Nd5 Nxd5 20. Bxg7+ Kxg7 21.
cxd5 Rxc1 22. Qxc1 Rc8 23. Qe3 Rc7 24. g4 Bc2 25. Qd4+ Kg8 26. Kg2 Qc8 27. h3
Qf8 28. Re3 g5 29. Be4 Bxe4+ 30. Qxe4 Qf6 31. Rf3 Qg6 32. Qe3 Rb7 33. Qc3 Rb8
34. Qc7 Rf8 35. Qxe7 Rxf3 36. Kxf3 Qd3+ 37. Qe3 Qxd5+ 38. Qe4 Qf7+ 39. Kg3 Kg7
40. Qd4+ Qf6 41. Qxf6+ Kxf6 42. f4 gxf4+ 43. Kxf4 a5 44. h4 a4 45. g5+ Ke6 46.
b4 d5 47. h5 a3 48. g6 hxg6 49. hxg6 Kf6 50. g7 1-0

[Event "PRO League Group Stage"]
[Site "chess.com INT"]
[Date "2020.02.12"]
[Round "6"]
[White "Saric, Ante"]
[Black "Sargsyan, Shant"]
[Result "1/2-1/2"]
[WhiteTitle "GM"]
[BlackTitle "GM"]
[WhiteElo "2559"]
[BlackElo "2601"]
[WhiteTeam "Croatia Bulldogs"]
[BlackTeam "Armenia Eagles"]
[WhiteFideId "14506254"]
[BlackFideId "13306766"]
[EventDate "2020.01.06"]

1. Nf3 d5 2. g3 g6 3. Bg2 Bg7 4. d4 Nd7 5. O-O Ngf6 6. c4 dxc4 7. Na3 Nb6 8.
Nxc4 Nxc4 9. Qa4+ c6 10. Qxc4 Be6 11. Qc2 Bd5 12. Rd1 O-O 13. Bf4 a5 14. Be5 a4
15. Nd2 Bxg2 16. Kxg2 Qd5+ 17. e4 Qb5 18. Nf3 Rfd8 19. Re1 Ne8 20. Rad1 Qb6 21.
d5 Bxe5 22. Nxe5 cxd5 23. exd5 Nf6 24. Qc4 Qd6 25. Qf4 Ra5 26. Rd4 Rxd5 27. Rxa4
Rd2 28. Rb4 Qd5+ 29. Nf3 Qc5 30. Nxd2 Nd5 31. Qd4 Qxb4 32. Qxb4 Nxb4 33. Nc4 Kf8
34. a3 Nc6 35. Ne5 Rd6 36. Nxc6 Rxc6 1/2-1/2

[Event "PRO League Group Stage"]
[Site "chess.com INT"]
[Date "2020.02.12"]
[Round "6"]
[White "Maghsoodloo, Parham"]
[Black "Le, Tuan Minh"]
[Result "0-1"]
[WhiteTitle "GM"]
[BlackTitle "IM"]
[WhiteElo "2674"]
[BlackElo "2501"]
[WhiteTeam "Armenia Eagles"]
[BlackTeam "Croatia Bulldogs"]
[WhiteFideId "12539929"]
[BlackFideId "12401153"]
[EventDate "2020.01.06"]

1. e4 c5 2. Nc3 Nc6 3. Bb5 g6 4. Bxc6 dxc6 5. f4 Bg7 6. Nf3 Nf6 7. O-O O-O 8. d3
b5 9. Qe1 b4 10. Nd1 a5 11. Rb1 a4 12. b3 axb3 13. axb3 Ra2 14. Bb2 Bg4 15. Ne5
Bxd1 16. Qxd1 Rxb2 17. Rxb2 Qd4+ 18. Kh1 Qxb2 19. Nxc6 e6 20. f5 exf5 21. exf5
Re8 22. d4 cxd4 23. Nxb4 Qc3 24. Nd3 g5 25. h4 Ne4 26. Kg1 Ng3 27. Rf3 gxh4 28.
f6 Bh6 29. Kh2 Qd2 30. Qa1 Be3 31. Qa4 Rf8 32. Qd7 h5 33. Kh3 Ne4 34. Kxh4 Qxg2
35. Qf5 Bg5+ 36. Kxh5 Nxf6+ 0-1

[Event "PRO League Group Stage"]
[Site "chess.com INT"]
[Date "2020.02.12"]
[Round "6"]
[White "Andriasian, Zaven"]
[Black "Livaic, Leon"]
[Result "1/2-1/2"]
[WhiteTitle "GM"]
[BlackTitle "IM"]
[WhiteElo "2611"]
[BlackElo "2495"]
[WhiteTeam "Armenia Eagles"]
[BlackTeam "Croatia Bulldogs"]
[WhiteFideId "13302000"]
[BlackFideId "14531534"]
[EventDate "2020.01.06"]

1. e4 e6 2. d3 d5 3. Nd2 c5 4. Ngf3 Nc6 5. g3 g6 6. Bg2 Bg7 7. h4 h6 8. O-O Nge7
9. Re1 b6 10. Qe2 Bb7 11. a3 dxe4 12. dxe4 O-O 13. c3 Qd7 14. e5 Rad8 15. Ne4
Qd3 16. Nf6+ Kh8 17. Qxd3 Rxd3 18. Bf4 Nd5 19. Nxd5 Rxd5 20. Nh2 Rd7 21. Ng4 h5
22. Nf6 Bxf6 23. exf6 c4 24. Re2 Rfd8 25. Rae1 Na5 26. f3 Kh7 27. g4 Nb3 28.
gxh5 gxh5 29. Re5 Rd5 30. Bf1 b5 31. Kf2 Nc5 32. Kg3 Kg6 33. Rg5+ Rxg5+ 34. hxg5
Rd5 35. Be3 a6 36. Be2 Nd3 37. Rd1 Nxb2 38. Rxd5 Bxd5 39. f4 Be4 40. Kh4 Kh7 41.
Bxh5 Kg8 42. Kg3 Nd3 43. Bb6 Bd5 44. g6 fxg6 45. Bxg6 e5 46. fxe5 Nxe5 47. Bh5
Bf7 48. Be2 Be6 49. Kf4 Nd3+ 50. Kg5 Ne5 51. Bd4 Nf7+ 52. Kf4 Kf8 53. Bf3 Bc8
54. Bd5 Ke8 55. Bc5 Nd8 56. Kg5 Ne6+ 57. Bxe6 Bxe6 58. Bb4 Kf7 59. Ba5 Bd5 60.
Bb4 Be4 61. Ba5 Bd5 62. Bb4 Be4 63. Ba5 Bd5 1/2-1/2

[Event "PRO League Group Stage"]
[Site "chess.com INT"]
[Date "2020.02.12"]
[Round "6"]
[White "Yilmaz, Mustafa"]
[Black "Li, Chao b"]
[Result "1/2-1/2"]
[WhiteTitle "GM"]
[BlackTitle "GM"]
[WhiteElo "2607"]
[BlackElo "2683"]
[WhiteTeam "Turkey Knights"]
[BlackTeam "China Pandas"]
[WhiteFideId "6302718"]
[BlackFideId "8604436"]
[EventDate "2020.01.06"]

1. Nf3 Nf6 2. c4 c5 3. Nc3 d5 4. cxd5 Nxd5 5. e3 e6 6. Nxd5 Qxd5 7. b3 Be7 8.
Bb2 O-O 9. Bc4 Qd8 10. O-O Nc6 11. Qe2 Bf6 12. Bxf6 Qxf6 13. Rac1 b6 14. Bb5 Bb7
15. d4 a6 16. Bxc6 Bxc6 17. Rfd1 Bxf3 18. Qxf3 Qxf3 19. gxf3 cxd4 20. Rxd4 Rfc8
21. Rxc8+ Rxc8 22. Rd6 Rb8 23. Rd7 g5 24. Kg2 Kg7 25. Kg3 Kf6 26. f4 gxf4+ 27.
Kxf4 Rc8 1/2-1/2

[Event "PRO League Group Stage"]
[Site "chess.com INT"]
[Date "2020.02.12"]
[Round "6"]
[White "Can, Emre"]
[Black "Zhao, Jun"]
[Result "0-1"]
[WhiteTitle "GM"]
[BlackTitle "GM"]
[WhiteElo "2600"]
[BlackElo "2638"]
[WhiteTeam "Turkey Knights"]
[BlackTeam "China Pandas"]
[WhiteFideId "6302181"]
[BlackFideId "8602522"]
[EventDate "2020.01.06"]

1. d4 Nf6 2. c4 g6 3. Nc3 Bg7 4. e4 d6 5. Be2 O-O 6. Be3 c6 7. Nf3 e5 8. O-O
exd4 9. Nxd4 Re8 10. Qc2 Na6 11. Rad1 Nc7 12. Rfe1 Qe7 13. Bf3 Bg4 14. Bf4 Rad8
15. h3 Bxf3 16. Nxf3 Nh5 17. Bg5 Bf6 18. Be3 a6 19. Bb6 Rd7 20. Qd2 Na8 21. e5
Nxb6 22. exf6 Qd8 23. Rxe8+ Qxe8 24. g4 Nxf6 25. Qd4 Qd8 26. g5 Nh5 27. h4 Nc8
28. Nh2 Ne7 29. Ng4 Nf5 30. Qd3 Re7 31. Ne4 Re6 32. Ng3 Nhxg3 33. fxg3 Qb6+ 34.
Kh1 Qxb2 35. Rb1 Qxa2 36. Nf6+ Kf8 37. Nxh7+ Kg7 38. Nf6 Re3 39. Nh5+ Kf8 40.
Qf1 Re2 41. Rxb7 gxh5 42. Kg1 Qd2 43. Rxf7+ Kxf7 44. Qxf5+ Ke7 45. Qh7+ Ke6 46.
Qg8+ Ke5 47. Qg7+ Ke4 48. Qg6+ Kd4 49. Qxd6+ Kc3 50. Qf6+ Kc2 51. Qf5+ Kc1 0-1

[Event "PRO League Group Stage"]
[Site "chess.com INT"]
[Date "2020.02.12"]
[Round "6"]
[White "Yu, Yangyi"]
[Black "Solak, Dragan"]
[Result "1/2-1/2"]
[WhiteTitle "GM"]
[BlackTitle "GM"]
[WhiteElo "2726"]
[BlackElo "2594"]
[WhiteTeam "China Pandas"]
[BlackTeam "Turkey Knights"]
[WhiteFideId "8603820"]
[BlackFideId "916811"]
[EventDate "2020.01.06"]

1. Nf3 d5 2. b3 Bf5 3. Bb2 e6 4. g3 h6 5. Bg2 Nf6 6. c4 c6 7. O-O Be7 8. d4 Nbd7
9. Nc3 Ne4 10. Nd2 Nxc3 11. Bxc3 O-O 12. b4 a6 13. a4 Re8 14. Qb3 Bg6 15. Rfe1
b5 16. c5 Nf6 17. axb5 axb5 18. Rxa8 Qxa8 19. Ra1 Qb7 20. Qa2 Ne4 21. Nxe4 Bxe4
22. Qa7 Qc8 23. f3 Bc2 24. Ra6 Bd8 25. Qa8 Bg5 26. Qxc8 Be3+ 27. Kf1 Rxc8 28. f4
g5 29. fxg5 hxg5 30. g4 Kg7 31. Bf3 f5 32. h3 Be4 33. Kg2 Kf6 34. Ra7 Kg6 35.
Ra6 Kf6 36. Kg3 Kg6 37. Kg2 Kf6 1/2-1/2

[Event "PRO League Group Stage"]
[Site "chess.com INT"]
[Date "2020.02.12"]
[Round "6"]
[White "Eljanov, Pavel"]
[Black "Mihok, Oliver"]
[Result "1-0"]
[WhiteTitle "GM"]
[BlackTitle "GM"]
[WhiteElo "2650"]
[BlackElo "2562"]
[WhiteTeam "Israel Counsellors"]
[BlackTeam "Hungary Hunters"]
[WhiteFideId "14102951"]
[BlackFideId "728012"]
[EventDate "2020.01.06"]

1. e4 c5 2. Nf3 e6 3. d4 cxd4 4. Nxd4 Nc6 5. Nc3 Qc7 6. f4 a6 7. Nxc6 Qxc6 8.
Bd3 b5 9. Qe2 Bb7 10. Bd2 Rc8 11. a3 Bc5 12. O-O-O Ne7 13. Rhe1 O-O 14. Kb1 f6
15. h4 Qb6 16. h5 Bc6 17. h6 g6 18. f5 Rb8 19. Na2 a5 20. g4 b4 21. axb4 axb4
22. Bc4 Kh8 23. fxe6 dxe6 24. g5 Bb5 25. Nc1 Nc6 26. Nb3 Nd4 27. Nxd4 Bxd4 28.
Bxb5 Qxb5 29. Qxb5 Rxb5 30. gxf6 Bxf6 31. Rf1 Kg8 32. Ka2 Bg5 33. Bxg5 Rxf1 34.
Rxf1 Rxg5 35. Kb3 Rg2 36. Rc1 g5 37. Kxb4 g4 38. Kc3 Kf7 39. b4 Kg6 40. b5 Rf2
41. Kd4 Kxh6 42. b6 Rf7 43. c4 g3 44. c5 Kg5 45. c6 g2 46. Rg1 1-0